000 00471nam a2200169Ia 4500
999 _c619
_d619
003 OSt
005 20210914122659.0
008 190216s9999||||xx |||||||||||||| ||und||
040 _coclc
082 _a492.79
_bAME/B
100 _aAmeen, Musthafa
_98762
245 0 _aAl Balakhathul Waliha /
_b Musthafa Ameen
260 _bDarul Qur`An Ul Kareem,
_aBairoot:
300 _a136p
650 _aArabic
942 _cBK
_2ddc
_h492.79
_iAME/B
_k492.79
_mAME/B